<?xml version="1.0" encoding="UTF-8"?>
<record
    xmlns:xsi="http://www.w3.org/2001/XMLSchema-instance"
    xsi:schemaLocation="http://www.loc.gov/MARC21/slim http://www.loc.gov/standards/marcxml/schema/MARC21slim.xsd"
    xmlns="http://www.loc.gov/MARC21/slim">

  <leader>00814nam a2200253 u 4500</leader>
  <controlfield tag="001">722954</controlfield>
  <controlfield tag="005">20260506091954.0</controlfield>
  <controlfield tag="008">020228s2000                        spa  </controlfield>
  <datafield tag="035" ind1=" " ind2=" ">
    <subfield code="a">722954</subfield>
  </datafield>
  <datafield tag="035" ind1=" " ind2=" ">
    <subfield code="a">(OCoLC)777817639</subfield>
  </datafield>
  <datafield tag="040" ind1=" " ind2=" ">
    <subfield code="c">comduadb</subfield>
  </datafield>
  <datafield tag="041" ind1=" " ind2=" ">
    <subfield code="a">spa</subfield>
  </datafield>
  <datafield tag="082" ind1=" " ind2="4">
    <subfield code="a">070</subfield>
  </datafield>
  <datafield tag="100" ind1="1" ind2="0">
    <subfield code="a">Valencia Cossio, Guillermo Leon</subfield>
    <subfield code="4">aut</subfield>
    <subfield code="e">aut</subfield>
    <subfield code="9">351213</subfield>
  </datafield>
  <datafield tag="245" ind1="1" ind2="0">
    <subfield code="a">Bitacora : periodismo politico de opinion</subfield>
  </datafield>
  <datafield tag="260" ind1=" " ind2=" ">
    <subfield code="a">Medell&#xED;n :</subfield>
    <subfield code="b">[sin publicador],</subfield>
    <subfield code="c">[2000].</subfield>
  </datafield>
  <datafield tag="300" ind1=" " ind2=" ">
    <subfield code="a">230 p&#xE1;ginas</subfield>
  </datafield>
  <datafield tag="650" ind1=" " ind2="7">
    <subfield code="a">Periodismo de opini&#xF3;n</subfield>
    <subfield code="2">embne</subfield>
    <subfield code="9">10093</subfield>
  </datafield>
  <datafield tag="650" ind1=" " ind2=" ">
    <subfield code="a">Antioquia - Condiciones economicas</subfield>
    <subfield code="9">40193</subfield>
  </datafield>
  <datafield tag="650" ind1=" " ind2="7">
    <subfield code="a">Cr&#xF3;nicas period&#xED;sticas</subfield>
    <subfield code="2">armarc</subfield>
    <subfield code="9">42879</subfield>
  </datafield>
  <datafield tag="651" ind1=" " ind2="7">
    <subfield code="a">Colombia</subfield>
    <subfield code="x">Condiciones sociales</subfield>
    <subfield code="2">lemb</subfield>
    <subfield code="9">854067</subfield>
  </datafield>
  <datafield tag="651" ind1=" " ind2="7">
    <subfield code="a">Antioquia (Colombia)</subfield>
    <subfield code="x">Condiciones sociales</subfield>
    <subfield code="2">lemb</subfield>
    <subfield code="9">869053</subfield>
  </datafield>
  <datafield tag="942" ind1=" " ind2=" ">
    <subfield code="c">BOOK</subfield>
  </datafield>
  <datafield tag="999" ind1=" " ind2=" ">
    <subfield code="c">228082</subfield>
    <subfield code="d">228082</subfield>
  </datafield>
  <datafield tag="952" ind1=" " ind2=" ">
    <subfield code="0">0</subfield>
    <subfield code="1">0</subfield>
    <subfield code="4">0</subfield>
    <subfield code="7">0</subfield>
    <subfield code="8">SEMIACTIVA</subfield>
    <subfield code="a">BC</subfield>
    <subfield code="b">BC</subfield>
    <subfield code="d">2002-02-28</subfield>
    <subfield code="e">Material adquirido por donaci&#xF3;n</subfield>
    <subfield code="i">C725085</subfield>
    <subfield code="l">0</subfield>
    <subfield code="o">070.442 V152</subfield>
    <subfield code="p">61000003645302</subfield>
    <subfield code="r">2023-04-24 00:00:00</subfield>
    <subfield code="t">1</subfield>
    <subfield code="w">2023-04-24</subfield>
    <subfield code="y">BOOK</subfield>
  </datafield>
</record>
